000 00295nam a22001337a 4500
008 170717b xxu||||| |||| 00| 0 eng d
020 _a0830709223
041 _aeng
080 _a2
100 _a24
101 _aTEO
245 _aLEADING YOUR CHURCH TO GROWTH
_cWAGNER, C.P
942 _2udc
_cBK
999 _c21396
_d21396